[Event "67th POL-ch (w)"]
[Site "Poznan POL"]
[Date "2015.03.24"]
[Round "1.1"]
[White "Iwanow, Anna"]
[Black "Kulon, Klaudia"]
[Result "0-1"]
[WhiteElo "2281"]
[BlackElo "2310"]
[EventDate "2015.03.24"]
[PlyCount "54"]

1.e4 c5 2.Nf3 Nc6 3.d4 cxd4 4.Nxd4 Nf6 5.Nc3 g6 6.Nxc6 bxc6 7.e5 Ng8 8.Bc4
Qa5 9.Qe2 Bg7 10.Bf4 d5 11.Bb3 e6 12.O-O-O Ne7 13.h4 h5 14.f3 Bd7 15.Qd2 
Qc7 16.Rde1 Rb8 17.g4 Qc8 18.Ne2 c5 19.c3 Nc6 20.Ng3 Na5 21.Qc2 Qc6 22.c4 
dxc4 23.Bxc4 Nxc4 24.Qxc4 Rb4 25.Qc3 Rxf4 26.Re4 Rxe4 27.Nxe4 hxg4 0-1

[Event "67th POL-ch (w)"]
[Site "Poznan POL"]
[Date "2015.03.24"]
[Round "1.2"]
[White "Rajlich, Iweta"]
[Black "Wozniak, Mariola"]
[Result "1-0"]
[WhiteElo "2398"]
[BlackElo "2178"]
[EventDate "2015.03.24"]
[PlyCount "117"]

1.g3 g6 2.Bg2 Bg7 3.d4 f5 4.c3 Nf6 5.Qb3 d5 6.Bg5 e6 7.f4 O-O 8.Nf3 c5 9.
Nbd2 Nc6 10.e3 Qb6 11.Bxf6 Bxf6 12.Qxb6 axb6 13.Kf2 Bd7 14.Rhb1 Ra4 15.Bf1
Rfa8 16.a3 h6 17.Bb5 R4a5 18.a4 Nb8 19.b4 cxb4 20.cxb4 R5a7 21.Bxd7 Nxd7 
22.Rc1 Kf8 23.a5 bxa5 24.Rxa5 Rxa5 25.bxa5 Bd8 26.Nb3 Bxa5 27.Ra1 b6 28.
Ke2 Ke7 29.Kd3 Kd6 30.Ne5 Nxe5+ 31.dxe5+ Kd7 32.h3 h5 33.Ke2 Ra7 34.Kf3 
Ra8 35.Ra4 Kc7 36.Ra1 Kd7 37.g4 hxg4+ 38.hxg4 Rh8 39.Kg3 Ra8 40.Kh4 Ke7 
41.Kg5 Kf7 42.Rh1 Rg8 43.Nd4 Rg7 44.Nb5 Bb4 45.Nd6+ Ke7 46.Nc8+ Kf7 47.Ra1
Bc5 48.Nd6+ Kg8 49.gxf5 gxf5+ 50.Kf6 Bxe3 51.Kxe6 Bxf4 52.Kxf5 Bh2 53.Ra8+
Kh7 54.Ne8 Bxe5 55.Kxe5 Rg6 56.Nf6+ Kg7 57.Ra7+ Kh6 58.Rh7+ Kg5 59.Rh5# 
1-0

[Event "67th POL-ch (w)"]
[Site "Poznan POL"]
[Date "2015.03.24"]
[Round "1.3"]
[White "Warakomska, Anna"]
[Black "Jakubiec, Edyta"]
[Result "1/2-1/2"]
[WhiteElo "2238"]
[BlackElo "2184"]
[EventDate "2015.03.24"]
[PlyCount "81"]

1.e4 c5 2.Nf3 d6 3.d4 cxd4 4.Nxd4 Nf6 5.Nc3 a6 6.h3 e5 7.Nde2 b5 8.g4 b4 
9.Nd5 Nxd5 10.Qxd5 Ra7 11.Bg2 Be6 12.Qd3 Nd7 13.c4 Nc5 14.Qc2 b3 15.axb3 
Rb7 16.Be3 Nxb3 17.Rxa6 Be7 18.O-O Qc8 19.Ra4 O-O 20.Ng3 Qc6 21.Ra7 Rfb8 
22.Rd1 Qxc4 23.Qxc4 Bxc4 24.Nf5 Bf8 25.Rxb7 Rxb7 26.Bf1 Bxf1 27.Kxf1 Na5 
28.Nxd6 Rxb2 29.Rd5 Bxd6 30.Rxd6 f6 31.Rd8+ Kf7 32.Rc8 Nb3 33.Kg2 Nd2 34.
Bxd2 Rxd2 35.Kg3 Rd7 36.h4 h6 37.h5 Rd3+ 38.f3 Rd7 39.Rc6 Ke7 40.Rc3 Kf7 
41.Rc6 1/2-1/2

[Event "67th POL-ch (w)"]
[Site "Poznan POL"]
[Date "2015.03.24"]
[Round "1.4"]
[White "Zawadzka, Jolanta"]
[Black "Smarsz, Agata"]
[Result "1-0"]
[WhiteElo "2422"]
[BlackElo "2119"]
[EventDate "2015.03.24"]
[PlyCount "203"]

1.c4 e5 2.g3 Nc6 3.Bg2 g6 4.Nc3 Bg7 5.Rb1 a5 6.d3 d6 7.e3 Be6 8.Nge2 Nge7 
9.Nd5 O-O 10.O-O Qd7 11.Nec3 Rae8 12.a3 Nd8 13.Bd2 Nxd5 14.Nxd5 b6 15.b4 
axb4 16.axb4 f5 17.f4 Kh8 18.b5 Bg8 19.Ra1 Bxd5 20.Bxd5 exf4 21.gxf4 c6 
22.bxc6 Nxc6 23.Ra6 Ne7 24.Bf3 Nc8 25.Qb3 Qe7 26.Rf2 Qh4 27.Kf1 Qh3+ 28.
Ke2 Qh4 29.Ra8 Re7 30.Kf1 Qh3+ 31.Ke2 Qh4 32.Kf1 Qh3+ 33.Bg2 Qxh2 34.Qa4 
Qh5 35.Rf3 Qh4 36.Qc6 Ree8 37.Bb4 Qf6 38.d4 Ne7 39.Qxe8 Rxe8 40.Rxe8+ Bf8 
41.Ra8 h6 42.Rf2 Kh7 43.Rfa2 Bg7 44.R2a7 Qe6 45.Kf2 Qxc4 46.Bxd6 Qc2+ 47.
Kg3 g5 48.Rxe7 Qd2 49.fxg5 Qe1+ 50.Kh3 hxg5 51.Bg3 Qe2 52.Kh2 Qh5+ 53.Kg1 
Qd1+ 54.Bf1 Qf3 55.Rxg7+ Kxg7 56.Be5+ Kg6 57.Rg8+ Kh5 58.Rh8+ Kg6 59.Rh3 
Qd1 60.Kf2 Qd2+ 61.Be2 b5 62.Rh1 f4 63.exf4 gxf4 64.Rh3 b4 65.Rd3 Qc1 66.
Rb3 Kf5 67.Rf3 Qd2 68.Rxf4+ Ke6 69.Rf6+ Ke7 70.Rb6 Qb2 71.Bf6+ Kf7 72.Ke3 
Qc1+ 73.Ke4 Qc2+ 74.Bd3 Qg2+ 75.Ke3 Qg3+ 76.Kd2 Qh2+ 77.Be2 Qf4+ 78.Kd1 
Qe4 79.Bc4+ Kg6 80.Be5+ Kh7 81.Rxb4 Qh1+ 82.Kc2 Qg2+ 83.Kc3 Qc6 84.d5 Qc8 
85.Rb8 Qc5 86.Kd3 Kg6 87.Bd4 Qa3+ 88.Rb3 Qc1 89.Rb6+ Kf5 90.Rf6+ Kg4 91.
Rg6+ Kf5 92.Rg1 Qa3+ 93.Bc3 Qc5 94.Rf1+ Kg6 95.Rf4 Qa3 96.Rd4 Qd6 97.Kc2 
Qh2+ 98.Kb3 Qb8+ 99.Bb4 Qb6 100.Rd3 Qg1 101.d6 Qb1+ 102.Ka4 1-0

[Event "67th POL-ch (w)"]
[Site "Poznan POL"]
[Date "2015.03.24"]
[Round "1.5"]
[White "Szczepkowska-Horowska, Karina"]
[Black "Majdan-Gajewska, Joanna"]
[Result "1-0"]
[WhiteElo "2414"]
[BlackElo "2405"]
[EventDate "2015.03.24"]
[PlyCount "95"]

1.d4 Nf6 2.c4 e6 3.Nf3 b6 4.g3 Bb7 5.Bg2 Bb4+ 6.Bd2 c5 7.Bxb4 cxb4 8.O-O 
O-O 9.Nbd2 d6 10.Qb3 a5 11.Rac1 Nc6 12.c5 bxc5 13.dxc5 d5 14.Qc2 Ba6 15.
Rfe1 Rc8 16.e4 d4 17.Nc4 Nd7 18.Nd6 Rc7 19.e5 d3 20.Qd2 Ne7 21.Qe3 Qb8 22.
Bf1 Qa7 23.Bxd3 Bxd3 24.Qxd3 Nxc5 25.Qd4 Nf5 26.Nxf5 exf5 27.Qe3 Qb6 28.
Red1 Rfc8 29.Rd6 Qb8 30.Nd4 Ne4 31.Rdc6 Kf8 32.e6 Rxc6 33.Nxc6 Qd6 34.e7+ 
Ke8 35.Qb6 Nc3 36.Qd8+ Rxd8 37.exd8=Q+ Qxd8 38.Re1+ Ne4 39.Nxd8 Kxd8 40.f3
Nd6 41.Re5 Nb7 42.Rxf5 f6 43.Kf2 Kd7 44.g4 Kd6 45.g5 fxg5 46.Rxg5 g6 47.
Ke3 Nc5 48.h4 1-0

[Event "67th POL-ch (w)"]
[Site "Poznan POL"]
[Date "2015.03.25"]
[Round "2.1"]
[White "Kulon, Klaudia"]
[Black "Majdan-Gajewska, Joanna"]
[Result "0-1"]
[WhiteElo "2310"]
[BlackElo "2405"]
[EventDate "2015.03.24"]
[PlyCount "108"]

1.c4 e5 2.g3 Nf6 3.Bg2 c6 4.d4 e4 5.Qa4 b5 6.cxb5 cxb5 7.Qxb5 Nc6 8.Qa4 
Qb6 9.Nc3 Bb4 10.a3 Bxc3+ 11.bxc3 Rb8 12.Nh3 Qb3 13.Qxb3 Rxb3 14.Kd2 Ba6 
15.Kc2 Na5 16.Bg5 Nd5 17.Bd2 Nb6 18.Rhb1 Rxb1 19.Rxb1 f5 20.Bf1 O-O 21.Nf4
Rc8 22.h4 Nac4 23.Bc1 Nd6 24.Bb2 Bb5 25.e3 Ba4+ 26.Kc1 Ndc4 27.Bh3 g6 28.
g4 Kf7 29.gxf5 gxf5 30.Bxf5 Rg8 31.Nh3 Rg2 32.Bxe4 Rh2 33.Ng1 Rxf2 34.Bd3 
Rd2 35.Be2 Rc2+ 36.Kd1 Rxb2+ 37.Kc1 Rc2+ 38.Kd1 Rxc3+ 39.Ke1 Rxe3 40.Kf2 
Rxa3 41.Nf3 h6 42.h5 Ra2 43.Ke1 Bc6 44.Nh4 Be4 45.Rb5 Kf6 46.Rb3 Ra1+ 47.
Kf2 Rh1 48.Kg3 Rb1 49.Rc3 d5 50.Bf3 a5 51.Bxe4 dxe4 52.Rc2 e3 53.Kf4 Rf1+ 
54.Ke4 Rf2 0-1

[Event "67th POL-ch (w)"]
[Site "Poznan POL"]
[Date "2015.03.25"]
[Round "2.2"]
[White "Smarsz, Agata"]
[Black "Szczepkowska-Horowska, Karina"]
[Result "0-1"]
[WhiteElo "2119"]
[BlackElo "2414"]
[EventDate "2015.03.24"]
[PlyCount "68"]

1.e4 d5 2.exd5 Qxd5 3.Nc3 Qd6 4.Nf3 Nf6 5.d3 a6 6.g3 Bg4 7.Bg2 Nc6 8.h3 
Bh5 9.g4 Bg6 10.Be3 e5 11.Nh4 O-O-O 12.Nxg6 hxg6 13.Qd2 Ne7 14.O-O-O Ned5 
15.Kb1 Be7 16.Rhe1 Nxc3+ 17.Qxc3 Nd5 18.Qb3 c6 19.Bc1 Qf6 20.Re2 Nc7 21.
Rde1 Bd6 22.Bd2 Ne6 23.Be3 Qe7 24.d4 exd4 25.Bxd4 Nxd4 26.Rxe7 Nxb3 27.
Rxf7 Nd2+ 28.Kc1 Nc4 29.Rxg7 Be5 30.Rxg6 Bxb2+ 31.Kb1 Bc3 32.Rh1 Rd2 33.
Be4 Rxh3 34.Bf5+ Kc7 0-1

[Event "67th POL-ch (w)"]
[Site "Poznan POL"]
[Date "2015.03.25"]
[Round "2.3"]
[White "Jakubiec, Edyta"]
[Black "Zawadzka, Jolanta"]
[Result "0-1"]
[WhiteElo "2184"]
[BlackElo "2422"]
[EventDate "2015.03.24"]
[PlyCount "118"]

1.e4 e5 2.Nf3 Nc6 3.Bc4 Bc5 4.d3 Nf6 5.Nbd2 a6 6.h3 O-O 7.O-O Ba7 8.Bb3 d6
9.c3 h6 10.Nc4 Be6 11.Re1 Re8 12.Ne3 Qd7 13.Nh4 Kh7 14.Qf3 Ng8 15.Bc2 g6 
16.Ng4 Qe7 17.Nf5 Bxf5 18.exf5 h5 19.Nh2 Qf6 20.fxg6+ fxg6 21.Qe2 Kg7 22.
Nf3 Nd8 23.Bg5 Qf7 24.d4 Ne6 25.dxe5 Nxg5 26.Nxg5 Qf4 27.Nf3 dxe5 28.Qd3 
Re6 29.Rxe5 Rxe5 30.Qxg6+ Kf8 31.Nxe5 Qxe5 32.Bb3 Qg7 33.Qxh5 Re8 34.Rd1 
Nf6 35.Qf3 c6 36.g3 Qg5 37.Rd7 Re7 38.h4 Qe5 39.Rxe7 Kxe7 40.Bc2 Ng4 41.
Kg2 Nxf2 42.Bd3 Qe6 43.Qe2 Nxd3 44.Qxd3 Qxa2 45.Qe4+ Kd8 46.Qb4 Qd5+ 47.
Kh3 Qf5+ 48.Kh2 Kc8 49.Qc4 Bc5 50.Qg8+ Kc7 51.Qg7+ Kb6 52.b4 Be3 53.Qh8 
Qf1 54.Qg8 Ka7 55.Qg6 Bg1+ 56.Kh1 Bf2+ 57.Kh2 Qg1+ 58.Kh3 Qh1+ 59.Kg4 Bxg3
0-1

[Event "67th POL-ch (w)"]
[Site "Poznan POL"]
[Date "2015.03.25"]
[Round "2.4"]
[White "Wozniak, Mariola"]
[Black "Warakomska, Anna"]
[Result "1-0"]
[WhiteElo "2178"]
[BlackElo "2238"]
[EventDate "2015.03.24"]
[PlyCount "89"]

1.e4 c5 2.Nf3 e6 3.d4 cxd4 4.Nxd4 a6 5.Bd3 Bc5 6.Nb3 Be7 7.O-O d6 8.Qg4 g6
9.Qe2 Nd7 10.Nc3 Qc7 11.a4 b6 12.Bd2 Bb7 13.f4 Ngf6 14.Rae1 h5 15.e5 dxe5 
16.fxe5 Ng4 17.Bf4 Nc5 18.Nxc5 Bxc5+ 19.Kh1 g5 20.Bxg5 Rg8 21.Ne4 Qc6 22.
h3 Qxa4 23.hxg4 Bxe4 24.Qxe4 Qxe4 25.Bxe4 Rc8 26.Bf6 Rxg4 27.Bb7 Rc7 28.
Bf3 Rb4 29.b3 Be7 30.Bxe7 Kxe7 31.Rf2 Rf4 32.Re4 Rf5 33.Kh2 Rc5 34.Rfe2 
Kf8 35.Rh4 Rfxe5 36.Rxe5 Rxe5 37.Rxh5 f5 38.Rh7 Rc5 39.Bd1 e5 40.Kg3 Rc3+ 
41.Kf2 f4 42.Rb7 Rc6 43.Kf3 Rd6 44.Be2 b5 45.Bd3 1-0

[Event "67th POL-ch (w)"]
[Site "Poznan POL"]
[Date "2015.03.25"]
[Round "2.5"]
[White "Iwanow, Anna"]
[Black "Rajlich, Iweta"]
[Result "1-0"]
[WhiteElo "2281"]
[BlackElo "2398"]
[EventDate "2015.03.24"]
[PlyCount "112"]

1.e4 e6 2.d4 d5 3.Nd2 b6 4.Ngf3 Bb7 5.Bd3 Nf6 6.e5 Nfd7 7.c4 dxc4 8.Nxc4 
Bb4+ 9.Kf1 Be7 10.h4 Nc6 11.a3 h6 12.Rh3 Nf8 13.Be3 Qd7 14.Qc2 O-O-O 15.
Rc1 Kb8 16.Be4 Rc8 17.h5 Bg5 18.Ncd2 Bxe3 19.Bxc6 Bxc6 20.Qxc6 Bxd2 21.
Nxd2 Qxd4 22.Nb3 Qd5 23.Qc3 c5 24.Rd3 Qb7 25.Nd2 c4 26.Nxc4 Nd7 27.Qe1 Nc5
28.Rdc3 Na4 29.R3c2 Qd5 30.Qe2 f6 31.Rd1 Qb5 32.exf6 gxf6 33.Nd6 Qxe2+ 34.
Rxe2 Rhd8 35.Rxe6 Rc2 36.b4 Nb2 37.Rd4 Rc1+ 38.Ke2 Rc2+ 39.Kf3 Rc3+ 40.Ke4
Rf8 41.g4 Rxa3 42.Ne8 Rxe8 43.Rxe8+ Kc7 44.Re6 a5 45.bxa5 bxa5 46.Rxf6 a4 
47.Rxh6 Ra1 48.Ra6 Kb7 49.Ra5 Kb6 50.Ra8 a3 51.h6 Re1+ 52.Kf5 Kc5 53.h7 
Rh1 54.Rd7 Kc6 55.Rda7 Nc4 56.h8=Q Nd6+ 1-0

[Event "67th POL-ch (w)"]
[Site "Poznan POL"]
[Date "2015.03.26"]
[Round "3.1"]
[White "Rajlich, Iweta"]
[Black "Kulon, Klaudia"]
[Result "1-0"]
[WhiteElo "2398"]
[BlackElo "2310"]
[EventDate "2015.03.24"]
[PlyCount "65"]

1.d4 d5 2.g3 g6 3.Bg2 Bg7 4.Nf3 Nf6 5.O-O O-O 6.c3 Re8 7.Ne5 c6 8.Nd2 Nfd7
9.f4 f6 10.Nd3 e5 11.dxe5 fxe5 12.e4 d4 13.Qb3+ Kh8 14.Nc4 Nb6 15.Ncxe5 
Re7 16.Nf7+ Rxf7 17.Qxf7 dxc3 18.Ne5 N8d7 19.bxc3 Nxe5 20.fxe5 Bg4 21.Ba3 
Nd7 22.e6 Ne5 23.Qxb7 Bxe6 24.Bc5 Rb8 25.Rad1 Qg8 26.Qc7 Rc8 27.Qxa7 Bc4 
28.Rf2 Nd3 29.Rxd3 Bxd3 30.Rf7 Be5 31.Bd4 Re8 32.Qd7 Bc4 33.Rxh7+ 1-0

[Event "67th POL-ch (w)"]
[Site "Poznan POL"]
[Date "2015.03.26"]
[Round "3.2"]
[White "Warakomska, Anna"]
[Black "Iwanow, Anna"]
[Result "1-0"]
[WhiteElo "2238"]
[BlackElo "2281"]
[EventDate "2015.03.24"]
[PlyCount "93"]

1.e4 c5 2.Nf3 d6 3.d4 cxd4 4.Nxd4 Nf6 5.Nc3 a6 6.h3 e6 7.g4 Be7 8.Bg2 Nfd7
9.O-O Nc6 10.Be3 O-O 11.Qd2 Nxd4 12.Bxd4 b5 13.e5 d5 14.Ne2 Qc7 15.f4 Bc5 
16.c3 Bb7 17.Bxc5 Qxc5+ 18.Nd4 Nb6 19.Qf2 Rae8 20.Rae1 Nd7 21.Kh1 Qc7 22.
Qh4 Nc5 23.Re3 Ne4 24.Qe1 Qc4 25.a3 Qc7 26.Kg1 f6 27.exf6 Rxf6 28.f5 exf5 
29.Rxf5 Rxf5 30.Nxf5 Qb6 31.Nd4 h5 32.Qh4 Qh6 33.Nf5 Qf4 34.Rf3 Qc1+ 35.
Rf1 Qg5 36.Qxg5 Nxg5 37.Nd6 Re2 38.Nxb7 Rxb2 39.Rf2 Rb1+ 40.Kh2 hxg4 41.
Bxd5+ Kh7 42.hxg4 Ra1 43.Kg3 Rxa3 44.Kh4 Kg6 45.Rf5 Nh7 46.Bf7+ Kh6 47.
Rh5# 1-0

[Event "67th POL-ch (w)"]
[Site "Poznan POL"]
[Date "2015.03.26"]
[Round "3.3"]
[White "Zawadzka, Jolanta"]
[Black "Wozniak, Mariola"]
[Result "1/2-1/2"]
[WhiteElo "2422"]
[BlackElo "2178"]
[EventDate "2015.03.24"]
[PlyCount "80"]

1.c4 f5 2.Nc3 Nf6 3.g3 g6 4.Bg2 Bg7 5.d3 O-O 6.e4 fxe4 7.dxe4 Nc6 8.Nge2 
d6 9.O-O e5 10.Bg5 Be6 11.Nd5 h6 12.Nxf6+ Bxf6 13.Bxh6 Rf7 14.Qc1 Rh7 15.
Be3 Qd7 16.f3 Kg7 17.Rf2 Rah8 18.Bh1 Nd4 19.b3 Qd8 20.Qd2 c5 21.Raf1 Rh3 
22.Bxd4 cxd4 23.f4 d3 24.Qxd3 Qb6 25.Bf3 Rxh2 26.Nd4 Bh3 27.c5 dxc5 28.
Rxh2 c4 29.Qd1 exf4 30.Rxh3 Rxh3 31.gxf4 Bxd4+ 32.Kg2 Rh4 33.Kg3 Qf6 34.
Bg4 Rh8 35.bxc4 g5 36.Bf5 gxf4+ 37.Kg2 Rh2+ 38.Kxh2 Qh4+ 39.Kg2 Qg3+ 40.
Kh1 Qh4+ 1/2-1/2

[Event "67th POL-ch (w)"]
[Site "Poznan POL"]
[Date "2015.03.26"]
[Round "3.4"]
[White "Szczepkowska-Horowska, Karina"]
[Black "Jakubiec, Edyta"]
[Result "0-1"]
[WhiteElo "2414"]
[BlackElo "2184"]
[EventDate "2015.03.24"]
[PlyCount "84"]

1.d4 d5 2.c4 e5 3.dxe5 d4 4.Nf3 Nc6 5.a3 Nge7 6.h3 Be6 7.b3 Qd7 8.g3 Ng6 
9.Bg2 O-O-O 10.Ng5 Bf5 11.e6 fxe6 12.O-O h6 13.Ne4 e5 14.Kh2 Nf4 15.gxf4 
exf4 16.Bxf4 g5 17.Bg3 h5 18.Nxg5 h4 19.Bf4 Rg8 20.Kh1 Bh6 21.Qd2 Rdf8 22.
Kh2 Ne7 23.Rg1 Kb8 24.a4 Bg6 25.Bf3 Qf5 26.e3 Be8 27.Bg4 Qf6 28.Ne6 Bxf4+ 
29.exf4 Rxg4 30.Rxg4 Qxe6 31.Na3 Bh5 32.Rxh4 Bf3 33.Nb5 Qf6 34.Rg4 Bxg4 
35.hxg4 Qh4+ 36.Kg2 Qxg4+ 37.Kf1 Rxf4 38.Qa5 Qh3+ 39.Ke1 Qh1+ 40.Ke2 Qf3+ 
41.Kd2 Qxf2+ 42.Kc1 Qf1+ 0-1

[Event "67th POL-ch (w)"]
[Site "Poznan POL"]
[Date "2015.03.26"]
[Round "3.5"]
[White "Majdan-Gajewska, Joanna"]
[Black "Smarsz, Agata"]
[Result "1-0"]
[WhiteElo "2405"]
[BlackElo "2119"]
[EventDate "2015.03.24"]
[PlyCount "65"]

1.e4 c5 2.Nf3 d6 3.Bb5+ Bd7 4.Bxd7+ Qxd7 5.O-O Nf6 6.Re1 Nc6 7.c3 e6 8.d4 
cxd4 9.cxd4 d5 10.e5 Ng8 11.Nc3 Nh6 12.Bf4 Be7 13.Rc1 Nf5 14.g4 Nh6 15.h3 
Rc8 16.Qd2 Ng8 17.Nb5 h6 18.Nd6+ Bxd6 19.exd6 Nf6 20.Ne5 Qd8 21.Qe3 O-O 
22.g5 Nh7 23.gxh6 g5 24.Nxc6 bxc6 25.Qe5 f6 26.Qxe6+ Rf7 27.Bd2 Nf8 28.Qg4
Rb8 29.Rxc6 Rxb2 30.Rc8 Qxd6 31.Qf5 Qd7 32.Qg6+ Kh8 33.Ree8 1-0

[Event "67th POL-ch (w)"]
[Site "Poznan POL"]
[Date "2015.03.27"]
[Round "4.1"]
[White "Kulon, Klaudia"]
[Black "Smarsz, Agata"]
[Result "1-0"]
[WhiteElo "2310"]
[BlackElo "2119"]
[EventDate "2015.03.24"]
[PlyCount "95"]

1.c4 e5 2.g3 g6 3.Bg2 Nc6 4.Nc3 Bg7 5.e3 d6 6.Rb1 a5 7.a3 f5 8.d3 Nf6 9.b4
axb4 10.axb4 O-O 11.Nge2 Ne7 12.O-O g5 13.d4 e4 14.d5 g4 15.Nf4 Ng6 16.
Nce2 Nxf4 17.exf4 b6 18.Nd4 Bd7 19.Bb2 Qe7 20.Qb3 Kh8 21.Ra1 Qf7 22.Nc2 h6
23.Rfc1 Rfb8 24.Ne3 Kh7 25.Bf1 Qe8 26.Bd4 Nh5 27.Bxg7 Nxg7 28.Qc3 Rxa1 29.
Rxa1 Ra8 30.Rxa8 Qxa8 31.c5 bxc5 32.bxc5 Ne8 33.c6 Bc8 34.Qd4 Kg8 35.Qb2 
Kh7 36.h3 h5 37.hxg4 hxg4 38.Be2 Qa7 39.Kg2 Kg8 40.Qb1 Qa8 41.Qh1 Qa2 42.
Bc4 Qb2 43.Qh5 Nf6 44.Qg6+ Kf8 45.Bf1 Qd4 46.Qh6+ Kg8 47.Be2 Nxd5 48.Bc4 
1-0

[Event "67th POL-ch (w)"]
[Site "Poznan POL"]
[Date "2015.03.27"]
[Round "4.2"]
[White "Jakubiec, Edyta"]
[Black "Majdan-Gajewska, Joanna"]
[Result "0-1"]
[WhiteElo "2184"]
[BlackElo "2405"]
[EventDate "2015.03.24"]
[PlyCount "50"]

1.e4 g6 2.d4 Bg7 3.c3 d5 4.e5 f6 5.exf6 exf6 6.Bd3 Nh6 7.Ne2 Nc6 8.O-O O-O
9.Nd2 Re8 10.Nf4 Nf7 11.Qf3 Ne7 12.h4 c6 13.Nb3 Nf5 14.g3 N7d6 15.Nc5 b6 
16.Na6 Ne4 17.Nb4 Qd6 18.Ng2 Nxd4 19.Qf4 Qxf4 20.Nxf4 Nf3+ 21.Kg2 Ne5 22.
Bc2 a5 23.Nxc6 Nxc6 24.Nxd5 Ba6 25.Rd1 Nxf2 0-1

[Event "67th POL-ch (w)"]
[Site "Poznan POL"]
[Date "2015.03.27"]
[Round "4.3"]
[White "Wozniak, Mariola"]
[Black "Szczepkowska-Horowska, Karina"]
[Result "0-1"]
[WhiteElo "2178"]
[BlackElo "2414"]
[EventDate "2015.03.24"]
[PlyCount "58"]

1.e4 d6 2.d4 g6 3.Nc3 Bg7 4.f4 a6 5.Nf3 b5 6.a3 Bb7 7.Bd3 Nd7 8.O-O c5 9.
dxc5 Nxc5 10.Qe2 Nf6 11.Bd2 O-O 12.Kh1 Nfd7 13.b4 Na4 14.Nxa4 Bxa1 15.Rxa1
bxa4 16.f5 e6 17.Rf1 Qf6 18.Ng5 Qe7 19.Qg4 exf5 20.exf5 Nf6 21.Qh4 Nh5 22.
Bc3 Rac8 23.Re1 Qc7 24.Bb2 Rce8 25.Rg1 Qe7 26.f6 Qe3 27.Nxh7 Qf4 28.Qh3 
Re3 29.Qd7 Ng3+ 0-1

[Event "67th POL-ch (w)"]
[Site "Poznan POL"]
[Date "2015.03.27"]
[Round "4.5"]
[White "Rajlich, Iweta"]
[Black "Warakomska, Anna"]
[Result "1-0"]
[WhiteElo "2398"]
[BlackElo "2238"]
[EventDate "2015.03.24"]
[PlyCount "81"]

1.d4 Nf6 2.g3 c5 3.d5 b5 4.Bg2 d6 5.a4 b4 6.b3 g6 7.Bb2 Bg7 8.Nd2 a5 9.
Ngf3 Nbd7 10.O-O O-O 11.e4 Ba6 12.Re1 Nb6 13.Nf1 Rc8 14.c4 Nbd7 15.Bh3 Ra8
16.e5 dxe5 17.Nxe5 Nxe5 18.Bxe5 Ne8 19.Bxg7 Kxg7 20.Ra2 Bc8 21.Bxc8 Rxc8 
22.Ne3 Nd6 23.Qa1+ Kg8 24.Rae2 Qd7 25.f3 h5 26.g4 h4 27.Ng2 Rce8 28.Nxh4 
Kh7 29.Ng2 e5 30.Rxe5 Rxe5 31.Rxe5 Re8 32.Ne3 f6 33.Rxe8 Qxe8 34.Kf2 Qe7 
35.h4 Kg8 36.Ng2 g5 37.Qe1 Qh7 38.Qe6+ Nf7 39.Ne3 Qxh4+ 40.Kg2 Qe1 41.Qe8+
1-0

[Event "67th POL-ch (w)"]
[Site "Poznan POL"]
[Date "2015.03.28"]
[Round "5.1"]
[White "Warakomska, Anna"]
[Black "Kulon, Klaudia"]
[Result "1/2-1/2"]
[WhiteElo "2238"]
[BlackElo "2310"]
[EventDate "2015.03.24"]
[PlyCount "103"]

1.e4 c5 2.Nf3 Nc6 3.Bb5 g6 4.O-O Bg7 5.Re1 a6 6.Bf1 d6 7.h3 Qc7 8.a4 Rb8 
9.Nc3 e6 10.b3 Nge7 11.Bb2 O-O 12.Qc1 h6 13.Ne2 e5 14.Nc3 Nd4 15.Qd1 Be6 
16.Bc4 Bxc4 17.bxc4 f5 18.exf5 Rxf5 19.Nh2 b5 20.axb5 axb5 21.Nxb5 Nxb5 
22.cxb5 Rxb5 23.Ra8+ Kh7 24.Qa1 Nc6 25.c4 Rb7 26.Ng4 Qf7 27.Rf1 Nd4 28.
Bxd4 cxd4 29.d3 h5 30.Nh2 Rb3 31.Ra3 Qb7 32.Ra7 Qb4 33.Qa6 Rxd3 34.Qc8 Qd2
35.Qd7 Qh6 36.h4 Kh8 37.Rb1 Rf8 38.Nf3 Rdxf3 39.gxf3 g5 40.Rbb7 Rg8 41.Qf5
gxh4 42.Kh2 e4 43.Qxe4 d3 44.Rxg7 Rxg7 45.Ra8+ Rg8 46.Qd4+ Qg7 47.Rxg8+ 
Kxg8 48.Qxd3 Qf6 49.Kh3 Kg7 50.Qe4 Kh6 51.Qe3+ Kg7 52.Qe4 1/2-1/2

[Event "67th POL-ch (w)"]
[Site "Poznan POL"]
[Date "2015.03.28"]
[Round "5.2"]
[White "Zawadzka, Jolanta"]
[Black "Rajlich, Iweta"]
[Result "1/2-1/2"]
[WhiteElo "2422"]
[BlackElo "2398"]
[EventDate "2015.03.24"]
[PlyCount "147"]

1.e4 e6 2.d4 d5 3.e5 c5 4.c3 Qb6 5.Nf3 Nc6 6.a3 Nh6 7.Bd3 cxd4 8.cxd4 Bd7 
9.Bc2 g6 10.Nc3 Nf5 11.Ne2 Be7 12.O-O h6 13.Rb1 a5 14.g4 Nh4 15.Nxh4 Bxh4 
16.Be3 Be7 17.f4 h5 18.g5 Qc7 19.Nc3 Na7 20.Rc1 Bc6 21.Bd3 Qd7 22.Qd2 O-O 
23.Rc2 b5 24.Ne2 b4 25.f5 exf5 26.Nf4 Bb5 27.e6 Qd6 28.Bxb5 Nxb5 29.Rfc1 
Ra6 30.Rc5 Qb8 31.exf7+ Kxf7 32.Rxd5 Rd8 33.Qd3 Rxd5 34.Nxd5 Qb7 35.Nf4 
Qe4 36.Qxe4 fxe4 37.a4 Nd6 38.Rc7 Nf5 39.Kf2 Ke8 40.Nd5 Kd8 41.Bf4 e3+ 42.
Ke2 Bd6 43.Bxd6 Rxd6 44.Rc5 Re6 45.Nf4 Re4 46.Kf3 Re8 47.Ne2 Kd7 48.Rxa5 
Rc8 49.Rd5+ Ke7 50.Rb5 Rc4 51.Rb7+ Kd6 52.b3 Nxd4+ 53.Kxe3 Nxb3 54.Rb6+ 
Ke5 55.Kd3 Rh4 56.Rb5+ Kd6 57.Ke3 Nc5 58.Nf4 Rxh2 59.Rxb4 Ra2 60.Nxg6 Ra3+
61.Ke2 Rxa4 62.Rb6+ Kd5 63.Ne7+ Ke5 64.g6 Re4+ 65.Kf3 Rf4+ 66.Kg2 Rg4+ 67.
Kh3 Ne6 68.Rb5+ Kf6 69.Rxh5 Rg1 70.Kh2 Rg2+ 71.Kxg2 Nf4+ 72.Kf3 Nxh5 73.
Kg4 Ng7 74.Nd5+ 1/2-1/2

[Event "67th POL-ch (w)"]
[Site "Poznan POL"]
[Date "2015.03.28"]
[Round "5.3"]
[White "Szczepkowska-Horowska, Karina"]
[Black "Iwanow, Anna"]
[Result "1-0"]
[WhiteElo "2414"]
[BlackElo "2281"]
[EventDate "2015.03.24"]
[PlyCount "63"]

1.d4 Nf6 2.c4 c5 3.d5 e6 4.Nc3 exd5 5.cxd5 d6 6.Nf3 g6 7.Nd2 a6 8.a4 Nbd7 
9.e4 Bg7 10.Be2 O-O 11.O-O Qe7 12.Qc2 Ne5 13.h3 g5 14.Nf3 Nxf3+ 15.Bxf3 
Nd7 16.Bg4 Re8 17.Ra3 Ne5 18.Bxc8 Raxc8 19.Ne2 Ng6 20.Ng3 Nh4 21.Qd1 h6 
22.Kh1 Kh8 23.Qh5 f5 24.f4 g4 25.hxg4 fxg4 26.f5 Qf6 27.Qxg4 Rg8 28.Nh5 
Qd8 29.g3 Bd4 30.Qxh4 Qxh4+ 31.gxh4 Rg4 32.Nf4 1-0

[Event "67th POL-ch (w)"]
[Site "Poznan POL"]
[Date "2015.03.28"]
[Round "5.4"]
[White "Majdan-Gajewska, Joanna"]
[Black "Wozniak, Mariola"]
[Result "1/2-1/2"]
[WhiteElo "2405"]
[BlackElo "2178"]
[EventDate "2015.03.24"]
[PlyCount "71"]

1.e4 c5 2.Nf3 d6 3.d4 cxd4 4.Qxd4 a6 5.h3 Nc6 6.Qe3 Nf6 7.c4 g6 8.Be2 Bg7 
9.O-O O-O 10.Nc3 Nd7 11.Rb1 Nde5 12.Rd1 Qa5 13.Bd2 Nxf3+ 14.Bxf3 Be6 15.b4
Qd8 16.Nd5 Nd4 17.Bc3 Nxf3+ 18.Qxf3 Bxc3 19.Qxc3 Bxd5 20.exd5 Rc8 21.c5 
Qc7 22.Rbc1 dxc5 23.bxc5 Rfd8 24.h4 h5 25.Qe3 Qd7 26.g3 Rc7 27.Kh2 Qf5 28.
d6 exd6 29.Rxd6 Rxd6 30.cxd6 Rxc1 31.Qxc1 Qxf2+ 32.Kh3 Qf5+ 33.Kh2 Qf2+ 
34.Kh3 Qf5+ 35.Kh2 Qf2+ 36.Kh3 1/2-1/2

[Event "67th POL-ch (w)"]
[Site "Poznan POL"]
[Date "2015.03.28"]
[Round "5.5"]
[White "Smarsz, Agata"]
[Black "Jakubiec, Edyta"]
[Result "1-0"]
[WhiteElo "2119"]
[BlackElo "2184"]
[EventDate "2015.03.24"]
[PlyCount "79"]

1.d4 Nf6 2.Nf3 e6 3.e3 d5 4.Be2 c5 5.O-O Nc6 6.b3 cxd4 7.exd4 Qc7 8.c4 Be7
9.Nc3 O-O 10.Nb5 Qd8 11.Bf4 a6 12.Nc3 Bd7 13.c5 b6 14.Na4 bxc5 15.dxc5 Ne4
16.Rc1 Ra7 17.a3 g5 18.Be3 f5 19.h3 f4 20.Bd4 Nxd4 21.Nxd4 e5 22.Nc2 Bxa4 
23.bxa4 Bxc5 24.Nb4 Bxb4 25.axb4 Qd6 26.b5 axb5 27.axb5 Ra2 28.Rc6 Qd8 29.
Bg4 Rd2 30.Qb3 Rd4 31.Re1 Qa5 32.Rxe4 Qa1+ 33.Kh2 f3 34.Rxd4 Qxd4 35.Bxf3 
e4 36.Bg4 Rxf2 37.Qg3 Rf8 38.Be6+ Kh8 39.Qd6 Qf6 40.Bxd5 1-0

[Event "67th POL-ch (w)"]
[Site "Poznan POL"]
[Date "2015.03.29"]
[Round "6.1"]
[White "Kulon, Klaudia"]
[Black "Jakubiec, Edyta"]
[Result "1/2-1/2"]
[WhiteElo "2310"]
[BlackElo "2184"]
[EventDate "2015.03.24"]
[PlyCount "96"]

1.c4 e5 2.g3 f5 3.Bg2 Nf6 4.Nc3 Bb4 5.Qb3 Na6 6.a3 Be7 7.Qc2 d6 8.b4 O-O 
9.e3 Rb8 10.d4 exd4 11.exd4 c5 12.bxc5 dxc5 13.d5 Nc7 14.a4 Na6 15.Nge2 
Nb4 16.Qb1 a6 17.O-O Bd6 18.Na2 b5 19.axb5 axb5 20.cxb5 Rxb5 21.Bf4 Nh5 
22.Bd2 f4 23.Bf3 fxg3 24.fxg3 Bh3 25.Rf2 Nf6 26.Nf4 Bxf4 27.Bxf4 Ng4 28.
Rd2 g5 29.Bxg4 Bxg4 30.Be5 Qe8 31.Qe1 Rf5 32.Bc3 Qxe1+ 33.Rxe1 Nxd5 34.Be5
c4 35.Rd4 Bh3 36.Rxc4 Ne3 37.Rc8+ Kf7 38.Rc7+ Kg6 39.Bd4 Rf1+ 40.Rxf1 Nxf1
41.Rc6+ Kh5 42.Rc5 Rxc5 43.Bxc5 Nd2 44.Nc3 Nf3+ 45.Kh1 Bd7 46.Kg2 Bc6 47.
h3 g4 48.hxg4+ Kxg4 1/2-1/2

[Event "67th POL-ch (w)"]
[Site "Poznan POL"]
[Date "2015.03.29"]
[Round "6.2"]
[White "Wozniak, Mariola"]
[Black "Smarsz, Agata"]
[Result "1-0"]
[WhiteElo "2178"]
[BlackElo "2119"]
[EventDate "2015.03.24"]
[PlyCount "57"]

1.e4 e6 2.d4 d5 3.Nc3 Bb4 4.e5 c5 5.a3 Bxc3+ 6.bxc3 Ne7 7.Nf3 Qc7 8.Bd3 c4
9.Be2 Nbc6 10.a4 f6 11.exf6 gxf6 12.Nh4 Ng6 13.Bh5 Rg8 14.Qf3 Qg7 15.g3 
Bd7 16.Ng2 O-O-O 17.O-O Nge7 18.a5 e5 19.Ba3 e4 20.Qd1 Bg4 21.Bxg4+ Qxg4 
22.f3 Qg5 23.fxe4 dxe4 24.Qe2 Nd5 25.Bc1 Qg4 26.Qxc4 h5 27.a6 Nb6 28.axb7+
Kxb7 29.Qa6+ 1-0